000 00883nas a2200277Ia 4500
001 dd23-30954
003 IT-MiCISF
008 161014c99999999xx |||||||||||| ||und||
040 _aIT-MiCISF
_cIT-MiCISF
041 _aFRANCESE
100 _aKremer Pascale
210 _aLe groupe familial
222 _aLe groupe familial
240 _aLes familles monoparentales s'estiment injustement stigmatisées
245 0 _aLes familles monoparentales s'estiment injustement stigmatisées
250 _a1a ed.
260 _c2000
501 _bCISF - Centro Internazionale Studi Famiglia - Via Giotto, 36 20145 MILANO (non commercial uses only)
_cCopyright 2016
300 _app. 10
362 _a 1 aprile [2000]
500 _a Tema: famiglia-monogenitoriale, società
650 _aFAMIGLIA
_varticolo
700 _aAA.VV.
942 _cCR
957 _71
999 _a30954
_bSi
_g1
_c218347
_d218347